000 nam a22 7a 4500
999 _c9424
_d9424
008 180129b ||||| |||| 00| 0 eng d
100 _aSaran S
_95640
245 _aPondichery Viva la Difference
260 _aPondichery
_bPondichery Goverment Publication
_c2006